| 000 | 01461nam a2200241 a 4500 | ||
|---|---|---|---|
| 001 | 47572 | ||
| 003 | BD-RjUL | ||
| 005 | 20211209054339.0 | ||
| 008 | 170119s1996 bg ||||| ||||o00| 0 ben d | ||
| 020 | _c: Tk. 100.00 | ||
| 035 | _a(BD-RjUL) | ||
| 040 |
_aBD-RjUL _bben _cBD-RjUL _dBD-RjUL |
||
| 041 | _abeneng | ||
| 082 |
_223 _a342.5492023 _b BAG 1996 |
||
| 110 | 1 |
_a বাংলাদেশ. _bআইন, বিচার ও সংসদ বিষয়ক মন্ত্রণালয়. _9183628 |
|
| 245 |
_aগণপ্রজাতন্ত্রী বাংলাদেশের সংবিধান = The Constitution of the People's Republic of Bangladesh : _b[১৯৯৬ সালের ৩০শে এপ্রিল পর্যন্ত সংশোধিত] = [As modified up to 30th April, 1996] / _cবাংলাদেশ. আইন, বিচার ও সংসদ বিষয়ক মন্ত্রণালয়. |
||
| 260 |
_aঢাকা : _bগভর্ণমেন্ট প্রিন্টিং প্রেস, _c১৯৯৬ |
||
| 300 |
_a[২৩], ১৮০ পৃ. ; _c২৪ সেমি. |
||
| 500 | _a" মূল পাঠ্য সমান্তরাল দুই ভাষায় (বাংলা ও ইংরেজি) লিখিত" | ||
| 650 |
_aসংবিধান _zবাংলাদেশ _y১৯৯৬ _9183475 |
||
| 650 |
_aConstitution _zBangladesh _y1996 _9183632 |
||
| 942 |
_2ddc _cRAR |
||
| 999 |
_c47572 _d47572 |
||